| 000 | 00870nam a2200241 c 4500 | ||
|---|---|---|---|
| 001 | 000030469 | ||
| 003 | RuMoIPM | ||
| 005 | 20260504122200.0 | ||
| 008 | 230210s1955 ru ||||||| |||| ||rus d | ||
| 035 | _a(RuMoBEN) 002007760 | ||
| 035 | _a(ELAR retro) [2022] 000095371 | ||
| 040 |
_aRuMoBEN _brus _ercr |
||
| 041 | 0 | _arus | |
| 044 | _aru | ||
| 080 | _a51(092) | ||
| 100 | 1 | _aПолубаринова-Кочина, Пелагея Яковлевна | |
| 245 | 1 | 0 |
_aСофья Васильевна Ковалевская _bее жизнь и деятельность _cП. Я. Полубаринова-Кочина |
| 260 |
_aМосква _bГостехиздат _c1955 |
||
| 300 |
_a98, [2] с. _bил., портр. |
||
| 490 | 0 | _aЛюди русской науки | |
| 600 | 1 |
_aКовалевская, Софья Васильевна _d1850-1891 |
|
| 942 | _cBK | ||
| 999 |
_c30469 _d30469 |
||